=LDR 00000nam 2200000 4500 =001 INLIS000000000051584 =005 20200915110509 =035 ##$$a 0010-1017000023 =007 ta =008 200915################g##########0#ind## =020 ##$$a 978-602-8655-27-9 =082 ##$$a 005.8 =084 ##$$a 005.8 WIR m =100 #$$a Wirawan =245 1#$$a Membongkar rahasia para hacker : dilengkapi aplikasi-aplikasi hacking /$c Wirawan =260 ##$$a Yogyakarta :$b Genius Publisher,$c 2015 =300 ##$$a x, 90 hlm : $b ilus. ; $c 14x21 cm. =650 #4$$a Keamanan-Data =250 ##$$a cet.2 =990 ##$$a 21703485 =990 ##$$a 21703484 =990 ##$$a 21703483 =990 ##$$a 21703482 =990 ##$$a 21703481 =990 ##$$a 21703482 =990 ##$$a 21703485 =990 ##$$a 21703484 =990 ##$$a 21703483 =990 ##$$a 21703481 =990 ##$$a 21703481 =990 ##$$a 21703485 =990 ##$$a 21703484 =990 ##$$a 21703483 =990 ##$$a 21703482